[Event "Bucharest Grand Prix op"]
[Site "Bucharest"]
[Date "2024.03.24"]
[Round "7"]
[White "Maksimov, Oleg"]
[Black "Mikhalevski, Victor"]
[Result "0-1"]
[WhiteElo "2185"]
[BlackElo "2514"]
[PlyCount "60"]
[EventDate "2024.03.23"]
[EventType "swiss (rapid)"]
[EventRounds "10"]
[EventCountry "ROU"]
[SourceTitle "CB13_2024"]
[SourceDate "2024.03.27"]
[SourceVersion "1"]
[SourceVersionDate "2024.03.27"]
[SourceQuality "1"]

1. e4 e5 2. Nc3 Nf6 3. g3 Bc5 4. Bg2 Nc6 5. d3 d6 6. Na4 Bg4 7. f3 Be6 8. Nxc5 dxc5 9. b3 Nd7 10. f4 exf4 11. Bxf4 Nde5 12. Nf3 Bg4 13. h3 Bxf3 14. Bxf3 Qd4 15. Rc1 0-0-0 16. Qe2 Qc3+ 17. Bd2 Qb2 18. 0-0 Nd4 19. Bg4+ Kb8 20. Qd1 Qxa2 21. Bf4 f6 22. Bxe5 fxe5 23. c3 Nc6 24. Be6 Rhf8 25. Rc2 Rxf1+ 26. Kxf1 Qa6 27. Bc4 b5 28. Bd5 Ne7 29. Qh5 Qd6 30. Ra2 c6 0-1

[Event "Hastings Masters op"]
[Site "Hastings"]
[Date "2024.01.02"]
[Round "6"]
[White "Fischer, Daniel1"]
[Black "Mikhalevski, Victor"]
[Result "1/2-1/2"]
[WhiteElo "2341"]
[BlackElo "2524"]
[PlyCount "59"]
[EventDate "2023.12.28"]
[EventType "swiss"]
[EventRounds "9"]
[EventCountry "ENG"]
[SourceTitle "CB02_2024"]
[SourceDate "2024.01.10"]
[SourceVersion "1"]
[SourceVersionDate "2024.01.10"]
[SourceQuality "1"]

1. e4 e5 2. Nf3 Nc6 3. Bb5 a6 4. Ba4 b5 5. Bb3 Na5 6. 0-0 d6 7. d4 exd4 8. Nxd4 Bb7 9. Bd2 Nxb3 10. Nxb3 Nf6 11. Na5 Qc8 12. Nc3 Be7 13. Qf3 0-0 14. Nd5 Nxd5 15. exd5 Bf6 16. c3 Rb8 17. Be3 b4 18. cxb4 Ba8 19. a3 Bxb2 20. Ra2 Bf6 21. Rc2 Rb5 22. Nc6 Bxc6 23. Rxc6 a5 24. Bd2 axb4 25. Bxb4 Qb7 26. Rfc1 Bb2 27. R1c2 Bxa3 28. Rxc7 Qxc7 29. Rxc7 Bxb4 30. g3 1/2-1/2

[Event "EU-Cup 38th"]
[Site "Durres"]
[Date "2023.10.06"]
[Round "6.1"]
[White "Vachier Lagrave, Maxime"]
[Black "Mikhalevski, Victor"]
[Result "1-0"]
[WhiteElo "2727"]
[BlackElo "2527"]
[PlyCount "69"]
[EventDate "2023.10.01"]
[EventType "team-swiss"]
[EventRounds "7"]
[EventCountry "ALB"]
[SourceTitle "EXT 2024"]
[Source "ChessBase"]
[SourceDate "2023.10.10"]
[SourceVersion "1"]
[SourceVersionDate "2023.10.10"]
[SourceQuality "1"]
[WhiteTeam "Asnieres"]
[BlackTeam "Beer Sheva"]
[WhiteTeamCountry "FRA"]
[BlackTeamCountry "ISR"]

1. Nf3 d5 2. g3 g6 3. Bg2 Bg7 4. d4 Nf6 5. 0-0 0-0 6. c4 c6 7. Qa4 b5 8. cxb5 cxb5 9. Qd1 Nc6 10. Bf4 Ne4 11. Nc3 Nxc3 12. bxc3 Na5 13. a4 bxa4 14. Ne5 Bxe5 15. dxe5 Be6 16. Rxa4 Nc4 17. Ra6 Qc8 18. Qa4 Nb6 19. Qa3 Nc4 20. Qa4 Nb6 21. Qa1 Qc7 22. Rb1 Rfb8 23. h4 Nc4 24. Rxb8+ Qxb8 25. h5 gxh5 26. Qa4 Qb7 27. Kh2 Nb6 28. Qa2 Qc7 29. Qa5 Qb7 30. Qb5 Rb8 31. Bf3 Nc4 32. Qa4 Nb6 33. Qa2 Ra8 34. c4 Qd7 35. Rxb6 1-0

[Event "EU-Cup 38th"]
[Site "Durres"]
[Date "2023.10.02"]
[Round "2.1"]
[White "Macias Pino, Diego"]
[Black "Mikhalevski, Victor"]
[Result "0-1"]
[WhiteElo "2454"]
[BlackElo "2527"]
[PlyCount "78"]
[EventDate "2023.10.01"]
[EventType "team-swiss"]
[EventRounds "7"]
[EventCountry "ALB"]
[SourceTitle "EXT 2024"]
[Source "ChessBase"]
[SourceDate "2023.10.10"]
[SourceVersion "1"]
[SourceVersionDate "2023.10.10"]
[SourceQuality "1"]
[WhiteTeam "Paterna Andreu"]
[BlackTeam "Beer Sheva"]
[WhiteTeamCountry "ESP"]
[BlackTeamCountry "ISR"]

1. d4 Nf6 2. c4 e6 3. Nc3 c5 4. d5 exd5 5. cxd5 d6 6. e4 g6 7. Be2 Bg7 8. Be3 0-0 9. Nf3 Bg4 10. Nd2 Bxe2 11. Qxe2 Re8 12. 0-0 Na6 13. Rab1 Qd7 14. h3 Rab8 15. Qb5 Qxb5 16. Nxb5 Bf8 17. a3 Nxe4 18. Nc4 Rbd8 19. Bf4 Rd7 20. f3 Nf6 21. Rfd1 h6 22. Rd2 b6 23. Bxd6 Bxd6 24. Ncxd6 Red8 25. Nc4 Nb8 26. Rbd1 a6 27. Nc3 b5 28. Ne3 Kg7 29. a4 Rb7 30. axb5 axb5 31. Ra1 Nbd7 32. Ra5 Rdb8 33. Kf2 c4 34. Nc2 Nc5 35. Nd4 Nd3+ 36. Kg3 b4 37. Nce2 Re8 38. Nc6 Re3 39. Nf4 Ne4+ 0-1

[Event "Canadian op"]
[Site "Calgary"]
[Date "2023.07.29"]
[Round "9"]
[White "Mikhalevski, Victor"]
[Black "Shirov, Alexei"]
[Result "1/2-1/2"]
[WhiteElo "2524"]
[BlackElo "2668"]
[PlyCount "98"]
[EventDate "2023.07.22"]
[EventType "swiss"]
[EventRounds "10"]
[EventCountry "CAN"]
[SourceTitle "CBM 215 Extra"]
[Source "ChessBase"]
[SourceDate "2023.09.30"]
[SourceVersion "1"]
[SourceVersionDate "2023.09.30"]
[SourceQuality "1"]

1. Nf3 d5 2. g3 Nf6 3. Bg2 c6 4. 0-0 Bg4 5. h3 Bh5 6. d4 Nbd7 7. c4 e6 8. cxd5 exd5 9. Ne5 Ne4 10. Bxe4 dxe4 11. Nc3 Be7 12. Bf4 Nxe5 13. dxe5 Bg6 14. Qb3 Qb6 15. Rfd1 Qxb3 16. axb3 Bf5 17. g4 Be6 18. Nxe4 h5 19. f3 hxg4 20. hxg4 Bxb3 21. Nd6+ Bxd6 22. Rxd6 a5 23. Bg5 a4 24. Kf2 0-0 25. e4 Ra5 26. f4 Rb5 27. Rc1 Be6 28. Rd2 Bxg4 29. Rg1 Bh5 30. f5 Rb3 31. Bh6 Rf3+ 32. Ke1 Kh7 33. Bxg7 Re3+ 34. Kf2 Rf3+ 35. Ke1 Re3+ 36. Kf1 Rf3+ 37. Rf2 Rg8 38. e6 Rxf2+ 39. Kxf2 Rxg7 40. Rh1 fxe6 41. Rxh5+ Kg8 42. f6 Rg6 43. e5 b5 44. Kf3 Rg1 45. Rh2 b4 46. Rd2 Re1 47. Kf4 Rf1+ 48. Kg5 Rg1+ 49. Kf4 Rf1+ 1/2-1/2

[Event "Philadelphia op 16th"]
[Site "Philadelphia"]
[Date "2023.06.27"]
[Round "8"]
[White "Harutjunyan, Gevorg"]
[Black "Mikhalevski, Victor"]
[Result "1/2-1/2"]
[WhiteElo "2347"]
[BlackElo "2519"]
[PlyCount "158"]
[EventDate "2023.06.24"]
[EventType "swiss"]
[EventRounds "9"]
[EventCountry "USA"]
[SourceTitle "CBM 215 Extra"]
[Source "ChessBase"]
[SourceDate "2023.09.30"]
[SourceVersion "1"]
[SourceVersionDate "2023.09.30"]
[SourceQuality "1"]

1. e4 c5 2. Nf3 d6 3. d4 cxd4 4. Nxd4 Nf6 5. Nc3 a6 6. Be3 e5 7. Nb3 Be6 8. h3 Nbd7 9. Qd2 Be7 10. 0-0-0 b5 11. f3 0-0 12. g4 Nb6 13. Qf2 Rb8 14. g5 Nh5 15. h4 Qc7 16. Bh3 b4 17. Nd5 Nxd5 18. exd5 Bxh3 19. Rxh3 a5 20. Nd2 a4 21. Ne4 b3 22. a3 bxc2 23. Qxc2 Qd7 24. Rh2 Rfc8 25. Nc3 Rb3 26. Qe4 f5 27. gxf6 Nxf6 28. Qd3 e4 29. fxe4 Ng4 30. Rc2 Nxe3 31. Qxe3 Bf6 32. Rd3 Bxh4 33. Kb1 Rcb8 34. e5 dxe5 35. d6 Qf5 36. d7 Rd8 37. Qe2 Be7 38. Rd5 Bxa3 39. Nxa4 Rxd7 40. Rxd7 Qxd7 41. Qc4+ Qf7 42. Ka2 Qxc4 43. Rxc4 Rg3 44. bxa3 g5 45. Nc5 h5 46. a4 h4 47. a5 h3 48. Rc1 h2 49. Rh1 Rc3 50. Ne4 Rc4 51. Nxg5 Ra4+ 52. Kb3 Rxa5 53. Rxh2 Kg7 54. Rf2 Rd5 55. Kc4 Rd1 56. Rf5 Re1 57. Nf3 Re4+ 58. Kd5 Rf4 59. Rg5+ Kf6 60. Rg8 Ra4 61. Rf8+ Ke7 62. Rf5 Ra5+ 63. Ke4 Ra4+ 64. Ke3 Ra3+ 65. Kf2 Ra5 66. Kg3 Ke6 67. Rh5 Rc5 68. Rh8 Kf6 69. Re8 Ra5 70. Nh2 Kf5 71. Ng4 Ra3+ 72. Kh4 Ra5 73. Rf8+ Ke4 74. Rf1 Ra8 75. Nf6+ Kd3 76. Rd1+ Ke2 77. Rd5 e4 78. Re5 Kf3 79. Rxe4 Ra6 1/2-1/2

[Event "Saint Louis Spring-B"]
[Site "Saint Louis"]
[Date "2023.04.05"]
[Round "1"]
[White "Ghazarian, Kirk Vagho"]
[Black "Mikhalevski, Victor"]
[Result "1/2-1/2"]
[WhiteElo "2475"]
[BlackElo "2515"]
[PlyCount "118"]
[EventDate "2023.04.05"]
[EventType "tourn"]
[EventRounds "9"]
[EventCountry "USA"]
[EventCategory "11"]
[SourceTitle "CBM 213 Extra"]
[Source "ChessBase"]
[SourceDate "2023.05.31"]
[SourceVersion "1"]
[SourceVersionDate "2023.05.31"]
[SourceQuality "1"]

1. Nf3 Nf6 2. c4 g6 3. Nc3 Bg7 4. e4 e5 5. Nxe5 0-0 6. d4 Re8 7. Bd3 c5 8. Nf3 d5 9. cxd5 cxd4 10. Nxd4 Nxd5 11. Ndb5 Nxc3 12. Nxc3 Nc6 13. 0-0 Bg4 14. f3 Qd4+ 15. Kh1 Be6 16. Qe2 Qb4 17. a3 Qb3 18. Rb1 Ne5 19. Bb5 Rec8 20. Bf4 a6 21. Ba4 Qc4 22. Qxc4 Bxc4 23. Bxe5 Bxe5 24. Rf2 b5 25. Bc2 Bxc3 26. bxc3 Ba2 27. Ra1 Be6 28. a4 bxa4 29. Bxa4 Rxc3 30. Kg1 g5 31. Rd2 Kg7 32. Kf2 Kf6 33. g3 Ke5 34. Rb2 Kd4 35. Rd2+ Kc5 36. f4 gxf4 37. gxf4 Rg8 38. Rc2 Rxc2+ 39. Bxc2 Bc4 40. e5 h6 41. Be4 Rb8 42. Kf3 Rb3+ 43. Kg4 Rb4 44. Kf3 Rb2 45. h4 Kb4 46. f5 a5 47. Bc6 Bb3 48. Bd7 Rh2 49. e6 fxe6 50. fxe6 Bxe6 51. Bxe6 Rxh4 52. Bg4 h5 53. Bd7 Rd4 54. Be8 Rd8 55. Ra4+ Kb3 56. Re4 h4 57. Ba4+ Kc3 58. Rxh4 Rd4 59. Rxd4 Kxd4 1/2-1/2

[Event "Toronto Excelsior GM 03"]
[Site "Toronto"]
[Date "2023.03.16"]
[Round "8"]
[White "Mikhalevski, Victor"]
[Black "Ivanov, Mike"]
[Result "1/2-1/2"]
[WhiteElo "2519"]
[BlackElo "2299"]
[PlyCount "132"]
[EventDate "2023.03.13"]
[EventType "tourn"]
[EventRounds "9"]
[EventCountry "CAN"]
[EventCategory "7"]
[SourceTitle "CBM 213 Extra"]
[Source "ChessBase"]
[SourceDate "2023.05.31"]
[SourceVersion "1"]
[SourceVersionDate "2023.05.31"]
[SourceQuality "1"]

1. d4 Nf6 2. c4 g6 3. Nc3 Bg7 4. e4 0-0 5. Nf3 d6 6. Be2 b6 7. 0-0 e5 8. Be3 Nc6 9. d5 Ne7 10. b4 a5 11. a3 Ng4 12. Bd2 h6 13. h3 Nf6 14. Rc1 axb4 15. axb4 Nd7 16. Ne1 f5 17. exf5 Nxf5 18. Bd3 Nf6 19. Nf3 Ra3 20. Qc2 Nh5 21. Nb5 Ra8 22. c5 bxc5 23. bxc5 Bd7 24. c6 Bc8 25. Rb1 Ne7 26. Nh4 g5 27. Ng6 Nxg6 28. Bxg6 Nf4 29. Be4 Ba6 30. Rfe1 Rf7 31. Rb3 Qf6 32. Be3 Raf8 33. Ra1 Bc8 34. Na7 Bf5 35. Bxf5 Qxf5 36. Qxf5 Rxf5 37. Rd1 e4 38. Bxf4 Rxf4 39. Rd2 e3 40. Rxe3 Bd4 41. Nb5 Bxe3 42. fxe3 Rf1+ 43. Kh2 R1f7 44. Ra2 Re8 45. Ra7 Ree7 46. e4 Kg7 47. e5 Rxe5 48. Rxc7 Rxc7 49. Nxc7 Kf7 50. Nb5 Ke7 51. c7 Kd7 52. Nxd6 Kxc7 53. Nf7 Rxd5 54. Nxh6 Kd7 55. Ng4 Ke6 56. Nf2 Kf5 57. Nh1 Kf4 58. Nf2 Rd7 59. Nh1 Rb7 60. Kg1 Rb1+ 61. Kh2 Ke3 62. Ng3 Ra1 63. Nf5+ Kf2 64. Ng3 Re1 65. Nh1+ Ke3 66. Ng3 Ra1 1/2-1/2